00369pam a2200133 a 4500020001900000041000800019082001600027100001400043245005500057260003700112300001200149653005700161700001700218 a1403-92968-8c aeng a001.42bRAM aRaman A . aA Handbook of Research Process hTextual Documents a[s.l]:bMacmillan India ,c2006. a172 pg. aA Handbook of Research Process, Research Methodology aNimmogadda .